| 000 | 00648nam a2200205 a 4500 | ||
|---|---|---|---|
| 001 | BRCA_2530 | ||
| 005 | 20190320203843.0 | ||
| 008 | 251108s1935----nyua---###---#000-0#eng-u | ||
| 050 | 4 |
_aNK4085 _b.M66 1935 |
|
| 100 | 1 |
_aMoore, Hudson _d1857-1927 _97265 |
|
| 245 | 1 | 0 |
_aThe old China book _bincluding Staffordshire, Wedgwood, lustre, and other English pottery and porcelain _cby Hudson Moore. |
| 260 |
_aNew York _bTudor _c1935 |
||
| 300 |
_a300 p. _bil. _c21 cm. |
||
| 500 | _aIncluye lista de ilustraciones. | ||
| 500 | _aA17 | ||
| 650 | 1 | 4 |
_aCerĂ¡mica _zInglaterra _97266 |
| 650 | 1 | 4 |
_aPorcelana _zInglaterra _97267 |
| 902 | _aGFM | ||
| 942 |
_2lcc _cB |
||
| 999 |
_c2271 _d2271 |
||